000 00798nam a2200229 a 4500
001 000040576
005 20201002034227.0
008 130902s1984 sp c 000 0 spa d
020 _a8434581590
040 _aDO-SdBNP
_bspa
_cBNPHU
082 _axxx
_bxxx
100 1 _aReid, Robert
_966908
240 1 0 _aMarie Curie
_lIngles
245 1 0 _aMarie Curie /
_cRobert Reid; prólogo, José Luis L. Aranguren; traducción, Marta Sánchez Martín.
260 _aBarcelona :
_bSalvat,
_c1984.
300 _a279 p. :
_bretrs. ;
_c20 cm.
490 1 _aBiblioteca Salvat de grandes biografías
_v11
504 _aBibliografía p: 279
700 1 _aAranguren, José Luis L.
_eprol.
_960300
700 1 _aSánchez Martín, Marta
_etrad.
_966909
830 0 _aBiblioteca Salvat de grandes biografías
_v11
_942025
999 _c40066
_d40066